British cities quiz - Statistics

General Stats
  • This quiz has been taken 80 times
  • The average score is 10 of 15
Answer Stats
Clue City % Correct
Main attractions include Buckingham Palace and Covent Garden London
100%
Capital of West Midlands Birmingham
92%
Largest city in Scotland Glasgow
91%
It's Football Club is nicknamed the Magpies Newcastle-Upon-Tyne
81%
The biggest rival of the sheriff from here was Robin Hood Nottingham
81%
Largest city in Southwest England Bristol
69%
It's castle is built on the site of an extinct volcano Edinburgh
64%
Biggest city in East Anglia Norwich
64%
The pilgrim fathers left from here Plymouth
59%
3rd largest city in England Leeds
58%
Capital of Viking England York
55%
The grand national takes place here Liverpool
52%
Biggest student population in Europe Manchester
52%
Biggest city in Hampshire Southampton
41%
Once the biggest shipbuilding port in the world Sunderland
19%
No matching quizzes found
Score Distribution
Percent of People with Each Score
Percentile by Number Answered
Your Score History
You have not taken this quiz